| 000 | 00395nam a2200133Ia 4500 | ||
|---|---|---|---|
| 008 | 230524s9999 xx 000 0 und d | ||
| 100 |
_a"Trinity College, London (Based on CBSE Guidelines)" _939775 |
||
| 245 | 0 | _aASL Assessment of Speaking And Listening Skills XI (With CD) | |
| 250 | _a1 | ||
| 260 | _bRachna Sagar Pvt.Ltd | ||
| 500 | _aQuantity Number: 1 | ||
| 650 | _aEnglish | ||
| 942 | _cBK | ||
| 999 |
_c54029 _d54029 |
||